| 000 | 00338nam a2200133Ia 4500 | ||
|---|---|---|---|
| 999 |
_c10880 _d10880 |
||
| 008 | 191201s2007 xx 000 0 und d | ||
| 100 | _aKHURANA, Kamal | ||
| 245 | 0 | _aElements of Textiles | |
| 250 | _a1st | ||
| 260 |
_aNew Delhi _bSonali _c2016 |
||
| 300 | _a272 | ||
| 650 | _aBachelor of Fashion and Apparel Design | ||
| 942 |
_2ddc _cBK _01 |
||